Sistema det erminales de transporte interurbano en el Area Metropolitana de Caracas definición y evaluación de estrategías . Período 1978-2000
Uloženo v:
| Médium: | Kniha |
|---|---|
| Jazyk: | Spanish |
| Vydáno: |
[Lugar de publicación no identificado] : [editor no identificado],
1978
|
| Tagy: |
Přidat tag
Žádné tagy, Buďte první, kdo vytvoří štítek k tomuto záznamu!
|
MARC
| LEADER | 00000nam a2200000Ia 4500 | ||
|---|---|---|---|
| 003 | MV0032 | ||
| 005 | 20221231143947.0 | ||
| 008 | 140114s1978 ve a 000 ||spa d | ||
| 040 | |c cru CEDI | ||
| 090 | |a MV 32 | ||
| 245 | |a Sistema det erminales de transporte interurbano en el Area Metropolitana de Caracas definición y evaluación de estrategías . Período 1978-2000 | ||
| 260 | |a [Lugar de publicación no identificado] : [editor no identificado], |c 1978 | ||
| 300 | |a 71 páginas ; ilustraciones | ||
| 500 | |a Informe redactadio por : La Comisión de Trabajo del Comité de Palnificación del Transporte | ||
| 942 | |c MX |2 ddc | ||
| 999 | |c 14842 |d 14842 | ||
